Películas de David Fincher - Estadísticas

Estadísticas generales
  • Esta prueba ha sido intentada 225 veces
  • La puntuación promedio es 6 de 10
Estadísticas de respuestas
Reparto Película % Correcto
Brad Pitt, Edward Norton El Club de la Lucha
97%
Brad Pitt, Morgan Freeman Seven
96%
Jake Gyllenhall, Robert Downey Jr Zodiac
75%
Jesse Eissenberg, Andrew Garfield La Red Social
72%
Ben Affleck, Rosamund Pike Perdida
70%
Brad Pitt, Cate Blanchett El Curioso Caso de Benjamin Button
67%
Michael Douglas, Sean Penn The Game
56%
Sigourney Weaver, Charles S Dutton Alien 3
43%
Rooney Mara, Daniel Craig Los Hombres Que no Amaban a las Mujeres
39%
Jodie Foster, Forest Whitaker La Habitación del Pánico
31%
No se encontraron pruebas coincidentes
Distribución de puntuación
Porcentaje de gente con cada puntuación
Porcentaje por número respondido
Historial de tus puntuaciones
No has intentado esta prueba.